White A-Z Quiz Stats

Quiz Updated Nov 17, 2016

Challenge
Share
Tweet
Embed
Score 0/25 Timer 05:00
6 Plays Today
Clue White _______ % Correct
Residence of the President of the United StatesWhite House
96.7%
Sign of surrenderWhite flag
96.1%
Pork is the other oneWhite meat
95.6%
eg. 'No. Your butt doesn't look fat in those pants.'White lie
94.9%
C major scale on the piano employs only theseWhite keys
89.7%
A steeped beverage made from leaves of the Chinese Camellia sinensis plantWhite tea
89.1%
Starts on D1 at the beginning of a chess gameWhite queen
88.8%
Quercus alba, this hardwood produces acornsWhite oak
87.6%
Source to search for businesses and peopleWhite Pages
87%
A once infamous baseball teamWhite Sox
86.9%
Black yin's partnerWhite yang
86.8%
Au with some Ni, Mn, or PdWhite gold
85%
Vodka, coffee liqueur, and creamWhite Russian
82.8%
Clue White _______ % Correct
Beatles' ninth recordingWhite Album
75.5%
Harold and Kumar recommendedWhite Castle
74.8%
Leukocytes (2 words)White blood cells
74.6%
What a red giant might eventually becomeWhite dwarf
72.6%
Static, or a DeLillo novelWhite noise
71%
A burdensome gift or possessionWhite elephant
68.6%
Acidic liquid sometimes distilled from a malt varietyWhite vinegar
63%
Pink-colored blush wineWhite Zinfandel
61.4%
Nephrite of a creamy color, unlike the more typical green varietyWhite jade
54.9%
A New World, medium-sized wading birdWhite Ibis
51.2%
Game of Thrones frozen foesWhite Walkers
29.8%
Wolfmother song, or perhaps a children's toyWhite Unicorn
16.9%

You're not logged in!

Compare scores with friends on all Sporcle quizzes.
Sign Up with Email
OR
Log In

You Might Also Like...

Show Comments

Extras

Top Quizzes Today


Score Distribution

Your Account Isn't Verified!

In order to create a playlist on Sporcle, you need to verify the email address you used during registration. Go to your Sporcle Settings to finish the process.